000
00246cam a2200121ua 4500
082
_a
621.43
_b
PAN/EL
100
_a
Pandya, N C.
245
_a
Elements of Heat engines
250
_a
5 /
_b
.
300
_a
; .
504
_a
999
_c
11337
_d
11337